000 00334nam a2200157Ia 4500
003 Ost
005 20260225132542.0
008 260225s9999||||xx |||||||||||||| ||und||
040 _cfsic
041 _afre
082 _a440
100 _aHenri Alleg
_eAuteur
245 0 _aS.OS America /
245 0 _cHenri Alleg
942 _cكتاب
999 _c33603
_d33603